000 00890nam a2200265 a 4500
001 000025094
003 OSt
005 20240530073919.0
008 110210t1998 dr a 000 f spa d
040 _aDO-SdBNP
_bspa
_cBNPHU
082 _aRD863.44
_bV443j, 1998
100 1 _aVeloz Maggiolo, Marcio,
_d1936-2021
_91104
245 1 3 _aEl jefe iba descalzo :
_bnovela /
_cMarcio Veloz Maggiolo.
250 _a2a. ed.
260 _aSanto Domingo :
_bTobogán :
_bAlfa y Omega,
_c1998.
300 _a73 p. :
_bil. ;
_c23 cm.
490 1 _aBiblioteca Juvenil Tobogán
_v5
590 _aInventariado, 2019/VM
600 1 0 _aTrujillo Molina, Rafael Leónidas,
_d1891-1961
_xNovela
_vNovela
_912113
650 0 _aNovela dominicana
_9223
650 0 _aLiteratura dominicana.
_967
830 0 _aBiblioteca Juvenil Tobogán
_v5
_9648
910 _aValidado. Control de calidad EMS.
942 _2ddc
_cLBS1
999 _c24587
_d24587